Gaming Quiz

Random Gaming or Board Games Quiz

Avoid the Fakes - Chess Openings Quiz Stats

 Plays Quiz Updated Mar 13, 2014

Support Sporcle.
Go Orange.
Score 0/16 Timer 03:00
5 Plays Today
% Correct
King's Gambit
81.6%
English Opening
80.9%
French Defense
79.8%
Dutch Defense
79.5%
Four Knights Game
78.7%
Alekhine Defense
74.8%
Evans Gambit
74.4%
Petroff Defense
74.3%
% Correct
Center-Counter Defense
72.7%
Center Game
72.4%
Bird's Opening
71.2%
King's Indian Attack
70.3%
Nimzo-Larsen Attack
70%
Trompowsky Attack
63.5%
Ruy Lopez
60.5%
Tumbleweed Gambit
42.8%

You're not logged in!

Compare scores with friends on all Sporcle quizzes.
OR
Log In

From the Vault

Economies of the G20

by griswald

This group of countries and country-like entities meet periodically at the top of a mountain.
Remove Ads.
Support Sporcle.
Get the best of Sporcle when you Go Orange. This ad-free experience offers more features, more stats, and more fun while also helping to support Sporcle. Thank you for becoming a member.

Show Comments

Extras

Top Quizzes Today


Score Distribution

Your Account Isn't Verified!

In order to create a playlist on Sporcle, you need to verify the email address you used during registration. Go to your Sporcle Settings to finish the process.

Report this User

Report this user for behavior that violates our Community Guidelines.

Details: